00966nam a2200265Ia 4500001000600000003000900006008004100015040001300056040001300069041001300082100002200095100002900117245004700146245004500193250001100238260001200249260001600261260004900277300005900326500020400385650003200589650003100621700001900652700002900671G9589IT-RoPAU130308s9999 xx 000 0 und d aIT-RoPAU cIT-RoPAU aITALIANO aCapineri Cristina gCodice Aut. SPICS: 56143 aReti e nodi: u-topie e realtà in Toscana bComcities. Geografie della Comunicazione a1a ed. aBOLOGNA bBaskerville c2001 [1° Ed.:2001 - Ed.Ling.Originale:2001] a"27 p. (prefazione: no ; testo: 27 [pagine: 311-337])" aSpazio dei luoghi e Spazio dei Flussi. Dai siti Ai web Site. Risposta regionale All'Innovazione Telematica. reti civiche nella Realtà toscana. reti di Progetto: Rete regionale dell'alta Tecnologia. aSAGGI SULLA MULTIMEDIALITA' eCodice materia Spics: 4257 aRomei Patrizia gCodice Aut. SPICS: 56144